[Event "BEL-ch op"]
[Site "Geel"]
[Date "1999.08.??"]
[Round "6.4"]
[White "Keiser, Paul"]
[Black "Huyck, Johan"]
[Result "0-1"]
[WhiteElo "1866"]
[BlackElo "2060"]
[PlyCount "50"]
[EventDate "1999.08.21"]
[EventType "swiss"]
[EventRounds "9"]
[EventCountry "BEL"]
[SourceTitle "EXT 2021"]
[Source "ChessBase"]
[SourceDate "2020.10.23"]
[SourceVersion "1"]
[SourceVersionDate "2020.10.23"]
[SourceQuality "1"]

1. Nc3 d5 2. e4 dxe4 3. Bc4 Nf6 4. d3 exd3 5. Nf3 Bf5 6. 0-0 Nc6 7. cxd3 e6 8. Qb3 Na5 9. Qd1 Nxc4 10. Qa4+ Qd7 11. Qxd7+ Nxd7 12. dxc4 0-0-0 13. Bf4 a6 14. Rac1 Nc5 15. Ne5 Bg6 16. b4 Nd3 17. Nxg6 hxg6 18. Rcd1 Nxf4 19. Rxd8+ Kxd8 20. Rd1+ Kc8 21. b5 Bb4 22. bxa6 bxa6 23. Ne4 Rd8 24. Rb1 Ne2+ 25. Kf1 Nc3 0-1